MDQL
is popping MORE tags! Check the
thread
!
Quizzes
Events
Quiz Creation
Community
Videos
Private Events
Remove Ads
Sign In
Join for FREE
Feedback
Dark Mode
Quiz Categories
Sports
Geography
Music
Movies
Television
Just For Fun
Miscellaneous
History
Literature
Language
Science
Gaming
Entertainment
Religion
Holiday
For Kids
Quiz Lab
Recent
Popular Today
Quiz Kudos Today
Editor Picks
Curator Picks
Quizzes by...
Day
Popularity
Type
Ratings
Length
Year
Community
Subscriptions
Recent Discussions
Orange Saloon
Badges
Playlists
Quests
Create
Leaderboards
Showdown
Live 5
Trivia Bingo
Activity
Puzzle Library
Sporcle Events
Private Events
Virtual Trivia
Globe League
Become a Host
Pub Owners
SporcleCon
Opinionation
Our Games
Videos
Blog
Mobile Apps
Partnerships
Remove Ads and Go Orange
Feedback
Sports
Athletes
MLB
NBA
NHL
NFL
Soccer
Sports Teams
WWE
NCAA
Football
Premier League
Basketball
Baseball
Hockey
Golf
Tennis
Cricket
Rugby
Auto Racing
Olympics
World Cup
Sports
Athletes
MLB
NBA
NHL
NFL
Soccer
Sports Teams
WWE
NCAA
Football
Premier League
Basketball
Baseball
Hockey
Golf
Tennis
Cricket
Rugby
Auto Racing
Olympics
World Cup
Random Quiz
Search Sporcle
×
Quiz Lab
Quiz Lab
Sports
NHL
Type in answers that appear in a list
Type in answers that appear in a list
Classic
Best Score? Go Orange.
NHL Trophies by Hegy Stats
Can you name the NHL Trophies?
By
lukheg888
10m
95 Questions
55 Plays
55 Plays
55 Plays
Comments
Comments
Give Quiz Kudos
Give Quiz Kudos
-
- Ratings
hide this ad
More Info
Replay
Link that replays current quiz
Next Quiz
Link to next quiz in quiz playlist
You Got
0%
They Got
Avg Score
72%
Avg Friend Score
Upgrade to see
Score Distribution
Jump to the score distribution portion of the page
Score
0/95
Timer
10:00
0
Plays Today
Trophy
Player (Team)
% Correct
Stanley Cup
Pittsburgh Penguins
94.5%
Prince of Wales Trophy
Pittsburgh Penguins
94.5%
Stanley Cup
Los Angeles Kings
92.7%
Stanley Cup
Chicago Blackhawks
92.7%
Stanley Cup
Los Angeles Kings
92.7%
Stanley Cup
Chicago Blackhawks
92.7%
Clarence S. Campbell Bowl
Chicago Blackhawks
92.7%
Clarence S. Campbell Bowl
Los Angeles Kings
92.7%
Clarence S. Campbell Bowl
Chicago Blackhawks
92.7%
Clarence S. Campbell Bowl
Los Angeles Kings
92.7%
Presidents' Trophy
Chicago Blackhawks
92.7%
Art Ross Trophy
Patrick Kane
90.9%
Hart Memorial Trophy
Patrick Kane
90.9%
Ted Lindsay Award
Patrick Kane
90.9%
Conn Smythe Trophy
Patrick Kane
90.9%
Art Ross Trophy
Sidney Crosby
89.1%
Art Ross Trophy
Evgeni Malkin
89.1%
Hart Memorial Trophy
Carey Price
89.1%
Hart Memorial Trophy
Sidney Crosby
89.1%
Hart Memorial Trophy
Alexandr Ovechkin
89.1%
Hart Memorial Trophy
Evgeni Malkin
89.1%
Maurice Richard Trophy
Alexandr Ovechkin
89.1%
Maurice Richard Trophy
Alexandr Ovechkin
89.1%
Maurice Richard Trophy
Alexandr Ovechkin
89.1%
Maurice Richard Trophy
Alexandr Ovechkin
89.1%
Vezina Trophy
Carey Price
89.1%
Ted Lindsay Award
Carey Price
89.1%
Ted Lindsay Award
Sidney Crosby
89.1%
Ted Lindsay Award
Sidney Crosby
89.1%
Ted Lindsay Award
Evgeni Malkin
89.1%
Conn Smythe Trophy
Sidney Crosby
89.1%
William M. Jennings Trophy
Corey Crawford - Carey Price
89.1%
Trophy
Player (Team)
% Correct
Clarence S. Campbell Bowl
San Jose Sharks
85.5%
Presidents' Trophy
Washington Capitals
85.5%
Art Ross Trophy
Jamie Benn
85.5%
Maurice Richard Trophy
Steven Stamkos
85.5%
James Norris Memorial Trophy
Drew Doughty
85.5%
Frank J. Selke Trophy
Jonathan Toews
85.5%
Mark Messier Leadership Award
Jonathan Toews
85.5%
Prince of Wales Trophy
New York Rangers
83.6%
Presidents' Trophy
New York Rangers
83.6%
Art Ross Trophy
Martin St. Louis
83.6%
Vezina Trophy
Tuukka Rask
83.6%
Vezina Trophy
Henrik Lundqvist
83.6%
James Norris Memorial Trophy
Erik Karlsson
83.6%
James Norris Memorial Trophy
Erik Karlsson
83.6%
Lady Byng Memorial Trophy
Martin St. Louis
83.6%
Prince of Wales Trophy
New Jersey Devils
81.8%
James Norris Memorial Trophy
Duncan Keith
81.8%
James Norris Memorial Trophy
P. K. Subban
81.8%
Conn Smythe Trophy
Duncan Keith
81.8%
Prince of Wales Trophy
Boston Bruins
80%
Presidents' Trophy
Boston Bruins
80%
Conn Smythe Trophy
Jonathan Quick
80%
Frank J. Selke Trophy
Patrice Bergeron
80%
Frank J. Selke Trophy
Patrice Bergeron
80%
Frank J. Selke Trophy
Patrice Bergeron
80%
William M. Jennings Trophy
Jonathan Quick
80%
King Clancy Memorial Trophy
Patrice Bergeron
80%
NHL Plus/
Minus Award
Patrice Bergeron
80%
Vezina Trophy
Braden Holtby
76.4%
Frank J. Selke Trophy
Anze Kopitar
76.4%
Lady Byng Memorial Trophy
Anze Kopitar
76.4%
Prince of Wales Trophy
Tampa Bay Lightning
74.5%
Trophy
Player (Team)
% Correct
Calder Memorial Trophy
Nathan MacKinnon
74.5%
Vezina Trophy
Sergei Bobrovsky
72.7%
William M. Jennings Trophy
Corey Crawford - Ray Emery
72.7%
Calder Memorial Trophy
Artemi Panarin
69.1%
Presidents' Trophy
Vancouver Canucks
67.3%
Calder Memorial Trophy
Gabriel Landeskog
67.3%
William M. Jennings Trophy
Frederik Andersen - John Gibson
65.5%
Calder Memorial Trophy
Aaron Ekblad
63.6%
Conn Smythe Trophy
Justin Williams
61.8%
William M. Jennings Trophy
Jaroslav Halák - Brian Elliot
60%
King Clancy Memorial Trophy
Henrik Sedin
60%
Mark Messier Leadership Award
Dustin Brown
58.2%
Bill Masterton Memorial Trophy
Jaromír Jágr
56.4%
King Clancy Memorial Trophy
Daniel Alfredsson
50.9%
Mark Messier Leadership Award
Daniel Alfredsson
50.9%
Mark Messier Leadership Award
Shane Doan
50.9%
Bill Masterton Memorial Trophy
Max Pacioretty
41.8%
NHL Plus/
Minus Award
Max Pacioretty
41.8%
NHL Plus/
Minus Award
David Krejci
32.7%
Lady Byng Memorial Trophy
Jiri Hudler
30.9%
Lady Byng Memorial Trophy
Ryan O'Reilly
27.3%
Bill Masterton Memorial Trophy
Josh Harding
25.5%
Mark Messier Leadership Award
Shea Webber
25.5%
Bill Masterton Memorial Trophy
Devan Dubnyk
23.6%
Bill Masterton Memorial Trophy
Dominic Moore
18.2%
Lady Byng Memorial Trophy
Brian Campbell
18.2%
NHL Plus/
Minus Award
Tyler Toffoli
18.2%
Calder Memorial Trophy
Jonathan Huberdau
16.4%
NHL Plus/
Minus Award
Pascal Dupuis
14.5%
King Clancy Memorial Trophy
Andrew Ference
10.9%
King Clancy Memorial Trophy
Henrik Zetteberg
7.3%
Quiz Playlist
Details
Report
Send in Message
Add To Playlist
More Info:
Přehled trofejí : https://cs.wikipedia.org/wiki/National_Hockey_League#T.C3.BDmov.C3.A9
Classic:
Type in answers that appear in a list
Last Updated: Jun 22, 2017
Quiz Scoreboard
CHALLENGE
Sign Up to Join the Scoreboard
Show All
Scores
Hide
Comments
May contain spoilers
Recently Published
Holiday 10x10 Sorting Gallery
by lukepisani3
Holiday
15m
Two Season TV Shows II
by 123Four
Television
10m
Image Sorting: Flags VI
by Barbecue
Geography
2m
More to Explore
Quiz From the Vault
Featured Blog Post
14 Easter Pick-up Lines to Find Eggs With
hide this ad
You Might Also Like...
Tags
NHL Quiz
Player
team
Trophy
Today's Top Quizzes in Sports
Browse Sports
hide this ad
Today's Top Quizzes in NHL
Browse NHL
Top Contributed Quizzes in Sports
1
Les meilleurs buteurs des matchs entre le PSG et l’OM
2
Les entraîneurs de l'OM et du PSG au 21e siècle
3
2022 World Cup Stars
4
Players with Multiple 50 Home Run Seasons
5
Les joueurs passés par le PSG et l'OM
6
FIFA Club World Cup Champions
7
Top 10 NHL Goal Scorers of All Time
8
Criteria MLB: Left Handed Sluggers
9
Les joueurs passés par le LOSC et le RC Lens
10
2023 MLB Unique Player Accomplishments
Explore More
Trending Topics
Disney
Kpop
Marvel
Crossword
Harry Potter
Anime
NBA
Puzzle
Country
WWE
Pokémon
The Office
Song
Soccer
NFL
hide this ad
More By:
lukheg888
Quiz
Plays
Rating
Category
Featured
Created
Most used players - Sir Alex Ferguson
13,800
4.50
Sports
May 11, 2018
Most used players - José Mourinho
8,890
4.94
Sports
Apr 29, 2018
Most used players - Pep Guardiola
8,055
4.92
Sports
Apr 30, 2018
Fifa 20 Icons
5,921
2.00
Sports
Sep 9, 2019
Chelsea Last 50 PL players
5,818
5.00
Sports
Sep 10, 2018
Go to Creator's Profile
Score Distribution
Quiz Creator Spotlight
lukheg888
Follow
Send a Message
Quizzes Created
-
Created Quiz Play Count
-
More By This Creator
Popular Quizzes Today
1
Find the US States - No Outlines Minefield
2
Colored Red Africa Blitz
3
Find the 'City' Movie
4
The Countries of the World
5
Find the US States
6
5x2 Blitz: Bands
7
Find the Countries of Europe - No Outlines Minefield
8
US States
More Sports Quizzes
International Footballers: Blitz the Brazilians VI
Quiz Lab
Trending Quizzes
Colored Red Europe Blitz I
Colored Red Europe Blitz II
Colored Red Africa Blitz II
Colored Red Africa Blitz III
Colored Red Europe Blitz III
Recently Updated
Odd Team Out - Big 4 Players
pecheneg
Quick Pick: 20 Twenties
pecheneg
March Madness Men's Triple Doubles
pecheneg
How Do You Spell That?
pecheneg
Godzilla Movies
pecheneg
Grab Bag: 4-10 Letters
pecheneg
2024 March Madness Bracket
pecheneg
Famous TV Couples
Peacemaker
Champions League XIs: Real Madrid
pecheneg
Largest US Cities 1790-2010
pecheneg
Trending Topics
Harry Potter
Anime
Marvel
NBA
Kpop
Crossword
Disney
Country
Puzzle
Pokémon
Song
WWE
NFL
The Office
Soccer
Your Account Isn't Verified!
In order to create a playlist on Sporcle, you need to verify the email address you used during registration. Go to your
Sporcle Settings
to finish the process.
Report this User
Report this user for behavior that violates our
Community Guidelines
.
Details:
Send Report
Go to the Sporcle.com Mobile Site →
Comments